00610 2200217 4500001002100000005001700021008004100038035002400079082001200103090001900115100001600134245009300150260002600243300001900269650004400288850001500332980001100347985000600358986001300364999001500377YOGYA-0209000001053720090227022041.0 ind  0010-020900000010537 a297.435 a297.435bAbd M aABDURRAHMAN aMasalah perwakafan tanah milik dan kedudukan tanah wakaf dinegara kitacoleh Abdurrahman aBandungbAlumnic1979 a122 hlmc21 cm aHukum perdata - wakaf, hibah dan wasiat aYOPDYOG(B) a190705 a1 adwrthrev aP000016741